000
00242 a2200097 4500
001
55719
100
_a
245
_a
Early developements of modern aerodynamics
260
_a
U SA
_b
AAIA Education series
_c
2001
090
_c
34603
_d
34603
942
_a
NUST-CAE
_c
MONOGRAPH
_c
27340
999
_c
290792
_d
290792